| 000 | 00890nam0a22002771 4500 | ||
|---|---|---|---|
| 001 | RU\NLR\INFOCOMM_161\5000065079 | ||
| 005 | 20250810064107.0 | ||
| 035 | _a(NLR Aleph) 009186384 | ||
| 090 |
_a13288136 _c13288136 |
||
| 100 | _a20100324d1943 u y0rusy50 ca | ||
| 101 | 0 | _ager | |
| 102 | _aLV | ||
| 105 | _aa ||||000|y | ||
| 200 | 1 |
_aWas Europa drohte _eDie Bolschewisierung Lettlands, 1940-1941 _fAlfreds Ceichners |
|
| 210 |
_aRiga _cA. Ceichners _d1943 |
||
| 215 |
_a752 с., [16] л. _cил., портр. _d21 см |
||
| 607 |
_aЛатвия _xИстория _z1940-1941 _2nlr_sh1 |
||
| 686 |
_aТ3(4Лат)721 _2rubbk |
||
| 700 | 1 |
_aCeichners _bA. _gAlfreds _4070 |
|
| 801 | 1 |
_aRU _bNLR _c20100324 |
|
| 801 | 0 |
_aRU _bNLR _gPSBO |
|
| 852 |
_aNLR _jИр81 Г-15/17023 |
||
| 942 | _cBOOK | ||
| 945 | _aРоссийская национальная библиотека | ||
| 980 | _aBV | ||
| 980 | _aNB | ||